Normal view
MARC view
Entry Personal Name
001 - CONTROL NUMBER
- control field: 1218924
003 - CONTROL NUMBER IDENTIFIER
- control field:
005 - DATE AND TIME OF LATEST TRANSACTION
- control field: 20210629071536.0
008 - FIXED-LENGTH DATA ELEMENTS
- fixed length control field: 210629|| aca||aabn | a|a d
040 ## - CATALOGING SOURCE
- Original cataloging agency:
- Transcribing agency:
100 ## - HEADING--PERSONAL NAME
- Personal name: Murali Manohar
670 ## - SOURCE DATA FOUND
- Source citation: Work cat.: ()1291876: National Seminar on English in the Dalit Context (2011 : University of Hyderabad. English Department) 1218921, English in the dalit context /, 2014.
